R v Lichfield DC and another ex p Lichfield Securities Ltd (Record no. 66676)

MARC details
000 -LEADER
fixed length control field 00869cam a2200193 4500
001 - CONTROL NUMBER
control field X111878
008 - FIXED-LENGTH DATA ELEMENTS--GENERAL INFORMATION
fixed length control field 000000n2001 000 0 eng u
035 ## - SYSTEM CONTROL NUMBER
System control number (Sirsi) u111878
245 ## - TITLE STATEMENT
Title R v Lichfield DC and another ex p Lichfield Securities Ltd
260 ## - PUBLICATION, DISTRIBUTION, ETC.
Date of publication, distribution, etc. 2001
490 ## - SERIES STATEMENT
Series statement Property, Planning and Compensation Reports
Volume/sequential designation [2001] 81 P&CR 213-235(23)
520 ## - SUMMARY, ETC.
Summary, etc. QBD 18 May 2000. Town and country planning. S106 agreements. Contributions to road improvement works. Consultation with third party developers required to contributions to such works. DoE Circular1/97. Fair procedure. Legitimate expectation.
650 ## - SUBJECT ADDED ENTRY--TOPICAL TERM
Topical term or geographic name entry element R V LICHFIELD DC AND ANOTHER EX P LICHFIELD SECURITIES LTD
650 ## - SUBJECT ADDED ENTRY--TOPICAL TERM
Topical term or geographic name entry element TOWN AND COUNTRY PLANNING ACT 1990 S106
650 ## - SUBJECT ADDED ENTRY--TOPICAL TERM
Topical term or geographic name entry element DOE CIRCULAR 01/1997
650 ## - SUBJECT ADDED ENTRY--TOPICAL TERM
Topical term or geographic name entry element ROAD IMPROVEMENTS
690 ## - LOCAL SUBJECT ADDED ENTRY--TOPICAL TERM (OCLC, RLIN)
Topical term or geographic name as entry element Planning and development
9 (RLIN) 6259
942 ## - ADDED ENTRY ELEMENTS (KOHA)
Suppress in OPAC 0
Holdings
Withdrawn status Lost status Source of classification or shelving scheme Damaged status Not for loan Home library Current library Shelving location Date acquired Total Checkouts Full call number Barcode Date last seen Copy number Price effective from Koha item type
    Dewey Decimal Classification     London London Journal article 05/04/2001   X111878. 111878-1001 06/08/2019 1 06/08/2019 Law report